00804nam a22001937a 4500999001900000005001700019010001500036020002600051035001400077037001400091082001600105245014200121260004700263270008900310300002800399500002300427942003000450952013000480 c171219d17121920210908101829.0 aENG-127299 c119500a9789353282165 aEN-110831 bDBAD/PUB. a320.6072054 aStrengthening Policy Research:brole of think tank initiative in South Asia /cedited by Sukhadeo Thorat, Ajaya Dixit [and] samar verma. aNew DelhibSage Publications India .c2019 aB1/I-1, Mohan Cooperative Industrial Area Mathura Road Post Bag 7bNew Delhie110044 axxxiii,393p.c22cm.(hb) aIt includes index  2ddccENmSTRh320.6072054 001040708NFICaZLSbZLSd2020-01-08eDBAD/PUBg1195.00l0o320.6072054 STRpEN-110831r2020-01-08 00:00:00t1v1195.00yEN